000
002420000a22000970004500
100
1
_a
Fernández, Gracia
245
1
0
_a
Irak : Tierra de las Mil batallas
300
_a
Vol. 72, Núm 72 (1994), Páginas 52-53
773
0
_t
Cambio 16
942
_c
ANA
999
_c
58750
_d
58750